Rebríček reklamných agentúr vedie Soria

Prvýkrát zverejnené čísla a údaje ilustrujúce hospodárske výsledky najvýznamnejších reklamných agentúr pôsobiacich na Slovensku za rok 1993, a to: Soria, MARK/BBDO Bratislava, Hager Bratislava, Dortland/B.M.A, Remark, B.O.A.T., Reset, DDB Needham Bratislava a J and L Advert. Zverejnené údaje o kapit...

Description complète

Enregistré dans:
Détails bibliographiques
Auteur principal: Lechnický, Milan
Format: Chapitre de livre
Langue:slovaque
Sujets:
Tags: Ajouter un tag
Pas de tags, Soyez le premier à ajouter un tag!

MARC

LEADER 00000naa a2200000 4500
001 r014751
005 20221205091307.5
041 0 |a slo 
044 |a SK 
245 1 0 |a Rebríček reklamných agentúr vedie Soria  |c M. Lechnický 
520 |a Prvýkrát zverejnené čísla a údaje ilustrujúce hospodárske výsledky najvýznamnejších reklamných agentúr pôsobiacich na Slovensku za rok 1993, a to: Soria, MARK/BBDO Bratislava, Hager Bratislava, Dortland/B.M.A, Remark, B.O.A.T., Reset, DDB Needham Bratislava a J and L Advert. Zverejnené údaje o kapitalizovanej fakturácii - equivalent billing (ako sa počíta) v Sk, klasická reklama v perc., podnikové aktivity v perc. uvedené v tabuľke a komentované v texte. 
610 2 0 |a reklama 
610 2 0 |a Slovensko 
610 2 0 |a kancelárie 
610 2 0 |a výsledok hospodársky 
610 2 0 |a 1993 
610 2 0 |a údaje štatistické 
100 1 |a Lechnický, Milan